000 01714nam0a2200337 4500
001 RU\NLR\BIBL_A\022566430
005 20250630183345.0
010 _91000
_a5-7479-0506-6
035 _a(NLR Aleph) 022566430
090 _a13440375
_c13440375
100 _a20250611d1993 |||y0rusy50 ca
101 0 _akhk
102 _aRU
105 _aa z 000 y
181 0 _ai
_baxxe
182 0 _an
200 1 _aПос алынӌа паза чайаачы тоғынӌаң кӧніктіріглер
_eон пір чыллығ хакас ортымах школазының 8-9 класстарына
_fСагалакова Ф. А., Тахтобина Е. Ф., Канзычаков Р. Ю. и др.
_gсоставитель З. И. Сазанакова
203 _aТекст
_bвизуальный
_cнепосредственный
210 _aАғбан
_cХак. кн. изд-возы
_d1993
215 _a93, [1] с.
_cил.
_d20
300 _aна обл. авторы не указаны
541 1 _aСборник творческих и самостоятельных работ по хакасскому языку для 8-9 классов одиннадцатилетней средней школы.
_zrus
_eпособие для учителя и учащихся
686 1 _aЧ426.153
701 1 _aСагалакова
_bФ. А.
_gФаина Асаповна
_4070
701 1 _aТахтобина
_bЕ. Ф.
_gЕлизавета Федоровна
_4070
701 1 _aКанзычаков
_bР. Ю.
_gРустам Юрьевич
_4070
702 1 _aСазанакова
_bЗ. И.
_gЗоя Ивановна
_4220
852 _aNLR
_bОНЛ
_jХакас./2-336
942 _cBOOK
980 _aNB